| 000 | 00567nam a2200193Ia 4500 | ||
|---|---|---|---|
| 005 | 20250508160850.0 | ||
| 008 | 008 250505s9999 xx 000 0 eng d | ||
| 037 | _aTextual | ||
| 040 |
_aFEDL _beng _cFEDL |
||
| 041 |
_aeng _2eng |
||
| 084 |
_a370.15, NAY _qFEDL |
||
| 100 |
_aNaylor F. D. _9140102 |
||
| 245 | 0 | _aPersonality and educational achievement | |
| 260 |
_aSydney _bJohn Wiley and Sons Australia Ptv. Ltd. _c1972 |
||
| 300 | _aviii,162p. | ||
| 650 | _aEducation - Psychology | ||
| 942 |
_cTEXL _h370.15, NAY |
||
| 999 |
_c1367068 _d1367068 |
||